Critical thinking : (Record no. 18460)
[ view plain ]
| 000 -LEADER | |
|---|---|
| fixed length control field | 00899nam a22002657a 4500 |
| 005 - DATE AND TIME OF LATEST TRANSACTION | |
| control field | 20141016112703.0 |
| 008 - FIXED-LENGTH DATA ELEMENTS--GENERAL INFORMATION | |
| fixed length control field | 141016t2014 xxkak frbd 001 0 eng d |
| 020 ## - INTERNATIONAL STANDARD BOOK NUMBER | |
| International Standard Book Number | 9781292027142 |
| 040 ## - CATALOGING SOURCE | |
| Original cataloging agency | EG-ScBUE |
| 082 00 - DEWEY DECIMAL CLASSIFICATION NUMBER | |
| Edition number | 22 |
| Classification number | 153.42 |
| Item number | PAU |
| 100 1# - MAIN ENTRY--PERSONAL NAME | |
| Personal name | Paul, Richard |
| 9 (RLIN) | 30630 |
| 245 10 - TITLE STATEMENT | |
| Title | Critical thinking : |
| Remainder of title | tools for taking charge of your professional and personal life / |
| Statement of responsibility, etc | Richard Paul, Linda Elder. |
| 250 ## - EDITION STATEMENT | |
| Edition statement | 3rd ed., |
| Remainder of edition statement | Pearson new international ed. |
| 260 ## - PUBLICATION, DISTRIBUTION, ETC. (IMPRINT) | |
| Place of publication, distribution, etc | Harlow, United Kingdom : |
| Name of publisher, distributor, etc | Pearson, |
| Date of publication, distribution, etc | c.2014. |
| 300 ## - PHYSICAL DESCRIPTION | |
| Extent | ll, 482 p. : |
| Other physical details | forms, tables ; |
| Dimensions | 28 cm. |
| 490 0# - Series Statement | |
| Series statement | Always Learning |
| 500 ## - GENERAL NOTE | |
| General note | Glossary : p. 425-476. |
| 500 ## - GENERAL NOTE | |
| General note | Index : p. 479-482. |
| 504 ## - BIBLIOGRAPHY, ETC. NOTE | |
| Bibliography, etc | Bibliography : p. 477-478. |
| 650 #0 - SUBJECT ADDED ENTRY--TOPICAL TERM | |
| 9 (RLIN) | 20326 |
| Topical term or geographic name as entry element | Critical thinking |
| 653 ## - INDEX TERM--UNCONTROLLED | |
| Arrived date list | October2014 |
| Resource For college | Pharmacy |
| 655 ## - INDEX TERM--GENRE/FORM | |
| Form subdivision | |
| -- | 34232 |
| 700 1# - ADDED ENTRY--PERSONAL NAME | |
| 9 (RLIN) | 36232 |
| Personal name | Elder, Linda, |
| Dates associated with a name | 1962- |
| 942 ## - ADDED ENTRY ELEMENTS (KOHA) | |
| Source of classification or shelving scheme | Dewey Decimal Classification |
| Call number prefix | 153.42 PAU |
| Withdrawn status | Item status | Source of classification or shelving scheme | Damaged status | Not for loan | Vendor | Home library | Current library | Shelving location | Date acquired | Source of acquisition | Cost, normal purchase price | Total Checkouts | Total Renewals | Full call number | Barcode | Date last seen | Date last borrowed | Cost, replacement price | Koha item type |
|---|---|---|---|---|---|---|---|---|---|---|---|---|---|---|---|---|---|---|---|
| Dewey Decimal Classification | Baccah | Central Library | Central Library | Lower Floor | 16/10/2014 | 260.00 | 1 | 8 | 153.42 PAU | 000036692 | 15/07/2025 | 29/03/2015 | 325.00 | Book - Borrowing | |||||
| Dewey Decimal Classification | Baccah | Central Library | Central Library | Lower Floor | 16/10/2014 | 260.00 | 1 | 153.42 PAU | 000036693 | 15/07/2025 | 06/11/2024 | 325.00 | Book - Borrowing | ||||||
| Dewey Decimal Classification | Baccah | Central Library | Central Library | Lower Floor | 16/10/2014 | 260.00 | 2 | 3 | 153.42 PAU | 000036695 | 15/07/2025 | 16/10/2022 | 325.00 | Book - Borrowing |